សិក្សាភាពធន់ទ្រំានៃពូជស្រូវចំនូន ៥០ ពូជចំពោះការបំផ្លាញនៃសត្វល្អិតក្នុងលក្ខខ័ណ្ឌស្តានីយ៍ការពារដំណាំស្ទឹងមានជ័យ (Record no. 141)
[ view plain ]
| 000 -LEADER | |
|---|---|
| fixed length control field | 00701nam a22001577a 4500 |
| 003 - CONTROL NUMBER IDENTIFIER | |
| control field | OSt |
| 005 - DATE AND TIME OF LATEST TRANSACTION | |
| control field | 20150908153130.0 |
| 008 - FIXED-LENGTH DATA ELEMENTS--GENERAL INFORMATION | |
| fixed length control field | 150908b xxu||||| |||| 00| 0 eng d |
| 040 ## - CATALOGING SOURCE | |
| Transcribing agency | RUA |
| 082 ## - DEWEY DECIMAL CLASSIFICATION NUMBER | |
| Classification number | AGR កែវ 1993 B007 Or.1 |
| 100 ## - MAIN ENTRY--PERSONAL NAME | |
| 9 (RLIN) | 160 |
| Personal name | កែវ សារឿន |
| 245 ## - TITLE STATEMENT | |
| Title | សិក្សាភាពធន់ទ្រំានៃពូជស្រូវចំនូន ៥០ ពូជចំពោះការបំផ្លាញនៃសត្វល្អិតក្នុងលក្ខខ័ណ្ឌស្តានីយ៍ការពារដំណាំស្ទឹងមានជ័យ |
| 260 ## - PUBLICATION, DISTRIBUTION, ETC. (IMPRINT) | |
| Place of publication, distribution, etc. | Phnom Penh |
| Name of publisher, distributor, etc. | RUA |
| Date of publication, distribution, etc. | 1993 |
| 300 ## - PHYSICAL DESCRIPTION | |
| Extent | 88p. |
| Other physical details | ill. |
| Dimensions | 29cm. |
| 942 ## - ADDED ENTRY ELEMENTS (KOHA) | |
| Source of classification or shelving scheme | |
| Koha item type | AGR |
| Price effective from | Date last seen | Permanent Location | Not for loan | Date acquired | Source of classification or shelving scheme | Koha item type | Lost status | Withdrawn status | Date last checked out | Total Checkouts | Shelving location | Damaged status | Barcode | Current Location | Full call number |
|---|---|---|---|---|---|---|---|---|---|---|---|---|---|---|---|
| 2015-09-08 | 2015-09-08 | Library Block B | 2015-09-08 | AGR | B007 | RUA003883 | Library Block B | AGR កែវ 1993 B007 Or.1 | |||||||
| 2015-09-08 | 2016-08-01 | Library Block B | 2015-09-08 | AGR | 2016-07-15 | 2 | B007 | RUA005603 | Library Block B | AGR កែវ 1993 B007 Or.2 | |||||
| 2015-09-08 | 2015-09-08 | Library Block B | 2015-09-08 | AGR | B007 | RUA005407 | Library Block B | AGR កែវ 1993 B007 Or.3 | |||||||
| 2015-09-08 | 2015-09-08 | Library Block B | 2015-09-08 | AGR | B007 | RUA005890 | Library Block B | AGR កែវ 1993 B007 Or.4 | |||||||
| 2015-09-08 | 2015-09-08 | Library Block B | 2015-09-08 | AGR | B007 | RUA003732 | Library Block B | AGR កែវ 1993 B007 Or.5 | |||||||
| 2015-09-08 | 2015-09-08 | Library Block B | 2015-09-08 | AGR | B007 | RUA003660 | Library Block B | AGR កែវ 1993 B007 Or.6 | |||||||
| 2015-09-08 | 2015-09-08 | Library Block B | 2015-09-08 | AGR | B007 | RUA003588 | Library Block B | AGR កែវ 1993 B007 Or.7 | |||||||
| 2015-09-08 | 2015-09-08 | Library Block B | 2015-09-08 | AGR | B007 | RUA005585 | Library Block B | AGR កែវ 1993 B007 Or.8 | |||||||
| 2015-09-08 | 2015-09-08 | Library Block B | 2015-09-08 | AGR | B007 | RUA003744 | Library Block B | AGR កែវ 1993 B007 Or.9 | |||||||
| 2015-09-10 | 2015-09-10 | Library Block B | 2015-09-10 | AGR | RUA006655 | Library Block B | AGR កែវ 1993 B007 Or.10 |